000 01063nam a2200289Ia 4500
001 ebr10054319
003 CaPaEBR
006 m u
007 cr cn|||||||||
008 030319s2003 maua s 001 0 eng d
010 _z 2003104132
020 _z1929685793
040 _aCaPaEBR
_cCaPaEBR
035 _a(OCoLC)70773486
050 1 4 _aML74.4.L6
_bG46 2003eb
100 1 _aGemmell, Keith.
245 1 0 _aCreative projects with logic audio
_h[electronic resource] /
_cKeith Gemmell.
260 _aBoston :
_bMuska and Lipman,
_c2003.
300 _avi, 218 p. :
_bill.
500 _aIncludes index.
533 _aElectronic reproduction.
_bPalo Alto, Calif. :
_cebrary,
_d2009.
_nAvailable via World Wide Web.
_nAccess may be limited to ebrary affiliated libraries.
650 0 _aSoftware sequencers.
650 0 _aComputer sound processing.
655 7 _aElectronic books.
_2local
710 2 _aebrary, Inc.
856 4 0 _uhttp://site.ebrary.com/lib/rucke/Doc?id=10054319
_zAn electronic book accessible through the World Wide Web; click to view
999 _c65310
_d65310